[Event "Reykjavik Open 2024"]
[Site "Reykjavik ISL"]
[Date "2024.03.18"]
[Round "5.83"]
[White "Gurner, Jem"]
[Black "Hill, Alistair"]
[Result "0-1"]
[WhiteTitle "CM"]
[WhiteElo "1968"]
[BlackElo "2187"]
[WhiteFideId "67600280"]
[BlackFideId "432407"]
[EventDate "2024.03.15"]

1. d4 Nf6 2. c4 c5 3. d5 b5 4. cxb5 a6 5. bxa6 e6 6. dxe6 fxe6 7. e4 Nxe4 8.
Qh5+ g6 9. Qe5 Nf6 10. Bg5 Be7 11. Nf3 Nc6 12. Qc3 O-O 13. Bh6 Re8 14. h4 Qa5
15. Qxa5 Nxa5 16. Nc3 Bxa6 17. Bxa6 Rxa6 18. O-O Rb8 19. b3 d5 20. Bg5 Kg7 21.
Ne5 Rb7 22. Rab1 h6 23. Bd2 Bd6 24. Nd3 e5 25. f3 Raa7 26. Na4 c4 27. Ndc5 Rb5
28. Bxa5 Raxa5 29. b4 Ra7 30. Rf2 d4 31. Ne6+ Kf7 32. Nac5 Nd5 33. Nd8+ Ke8 34.
Nde6 Bxc5 35. Nxc5 Rxb4 36. Re1 Re7 37. Ne4 Kd7 38. a3 Rb8 39. Rc2 Ne3 40. Rd2
Kc6 41. Rc1 Rb3 42. f4 Kd5 43. Nf6+ Ke6 44. fxe5 Kxe5 45. Ng8 Rd7 46. Nxh6 d3
47. Kf2 Kd4 48. Re1 Re7 49. h5 c3 50. Rxd3+ Kxd3 51. hxg6 Rb2+ 52. Kf3 Rxg2 53.
Rxe3+ Rxe3+ 54. Kxg2 Re6 0-1

[Event "Reykjavik Open 2024"]
[Site "Reykjavik ISL"]
[Date "2024.03.18"]
[Round "5.84"]
[White "Muller, Maxime"]
[Black "Stenzel, Thomas"]
[Result "1-0"]
[WhiteElo "1961"]
[BlackElo "2175"]
[WhiteFideId "26088533"]
[BlackFideId "4632770"]
[EventDate "2024.03.15"]

1. d4 Nf6 2. c4 g6 3. g3 d6 4. Bg2 Bg7 5. Nf3 O-O 6. O-O c6 7. Nc3 Qa5 8. e4 Be6
9. Qd3 d5 10. cxd5 cxd5 11. e5 Bf5 12. Qd2 Ne8 13. b4 Qd8 14. Ba3 Nc7 15. Nh4
Be6 16. f4 f5 17. exf6 Rxf6 18. Rfe1 Bf7 19. Nf3 Ra6 20. Bb2 b5 21. Ne5 Be8 22.
Bf1 Qd6 23. a3 Rb6 24. Ne2 Nd7 25. Nc1 Nf6 26. Nb3 Ne4 27. Qe3 Qf6 28. Nc5 Qf5
29. Bd3 Rd8 30. Nxe4 dxe4 31. Qxe4 Qxe4 32. Bxe4 g5 33. Rac1 Ne6 34. d5 Nf8 35.
fxg5 Ng6 36. Nd3 Bf7 37. Bxg7 Kxg7 38. Bxg6 Bxg6 39. Nf4 Bf7 40. Rxe7 1-0

[Event "Reykjavik Open 2024"]
[Site "Reykjavik ISL"]
[Date "2024.03.18"]
[Round "5.85"]
[White "Mueller, Magnus"]
[Black "Mensing, Adrian"]
[Result "1/2-1/2"]
[WhiteElo "2144"]
[BlackElo "1980"]
[WhiteFideId "16230060"]
[BlackFideId "1043293"]
[EventDate "2024.03.15"]

1. e4 c5 2. c3 Nf6 3. e5 Nd5 4. Nf3 d6 5. Bb5+ Bd7 6. Bc4 e6 7. d4 cxd4 8. Bxd5
exd5 9. O-O Nc6 10. Bf4 Bg4 11. Re1 dxe5 12. Bxe5 Nxe5 13. Qxd4 Bxf3 14. Qxe5+
Be7 15. gxf3 Qd7 16. Na3 Kf8 17. Rad1 Bxa3 18. Rxd5 Qe7 19. bxa3 Qxe5 20. Rdxe5
g6 21. Re7 b6 22. Rc7 Kg7 23. Ree7 Rhf8 24. Kg2 a5 25. c4 Rac8 26. Rxf7+ Rxf7
27. Rxc8 Rf4 28. Kg3 Rd4 29. Rc6 h5 30. h4 Kf7 31. a4 Kg7 32. f4 Rd3+ 33. f3 Rd4
34. a3 Kh7 35. Rc7+ Kg8 36. c5 bxc5 37. f5 gxf5 38. Rxc5 f4+ 39. Kh3 Rxa4 40.
Rxh5 Rxa3 41. Kg4 Ra1 42. Kxf4 a4 43. Ra5 a3 44. Ra7 a2 45. h5 Kh8 46. Kf5 Rf1
47. Rxa2 Rxf3+ 48. Kg6 Rg3+ 49. Kh6 Rg8 50. Ra6 Rg7 51. Rg6 Ra7 52. Rb6 Rg7 53.
Rb8+ Rg8 54. Rb7 Rg7 55. Rxg7 1/2-1/2

[Event "Reykjavik Open 2024"]
[Site "Reykjavik ISL"]
[Date "2024.03.18"]
[Round "5.86"]
[White "Markuszewski, Maksymilian"]
[Black "Schmidt, Florian Pascal"]
[Result "1/2-1/2"]
[WhiteElo "2141"]
[BlackElo "1947"]
[WhiteFideId "651018306"]
[BlackFideId "16256840"]
[EventDate "2024.03.15"]

1. d4 Nf6 2. c4 e6 3. Nf3 d5 4. Nc3 Be7 5. Bf4 O-O 6. e3 b6 7. Bd3 dxc4 8. Bxc4
Bb7 9. O-O Nbd7 10. Qe2 Ne4 11. Nxe4 Bxe4 12. Rfd1 Bd6 13. Bxd6 cxd6 14. Ba6 Nb8
15. Nd2 Nxa6 16. Nxe4 Nc7 17. Rac1 d5 18. Nd2 Qd7 19. Rc2 Rfc8 20. Rdc1 Ne8 21.
Qa6 Rxc2 22. Rxc2 Nd6 23. f3 Rc8 24. Qd3 1/2-1/2

[Event "Reykjavik Open 2024"]
[Site "Reykjavik ISL"]
[Date "2024.03.18"]
[Round "5.87"]
[White "He, Junchen"]
[Black "George Samir, David"]
[Result "1-0"]
[BlackTitle "FM"]
[WhiteElo "1956"]
[BlackElo "2130"]
[WhiteFideId "8642427"]
[BlackFideId "10657789"]
[EventDate "2024.03.15"]

1. e4 c5 2. Nf3 d6 3. d4 cxd4 4. Qxd4 Nc6 5. Bb5 Bd7 6. Bxc6 Bxc6 7. c4 Nf6 8.
Nc3 g6 9. O-O Bg7 10. Qd3 O-O 11. Nd4 Bd7 12. h3 Rc8 13. Be3 Qc7 14. b3 a6 15.
Rac1 Qb8 16. a4 b6 17. Rfd1 Qb7 18. f3 Kh8 19. Nc2 Be6 20. Nb4 Nd7 21. Nbd5 Nc5
22. Qc2 f5 23. Rb1 fxe4 24. fxe4 Bxd5 25. exd5 Nd7 26. Ne2 b5 27. Nf4 Ne5 28.
Ne6 Rf5 29. Qe2 bxc4 30. bxc4 Qd7 31. c5 dxc5 32. Qxa6 Bf6 33. Bxc5 h5 34. Rb7
Qe8 35. Bxe7 Bxe7 36. Rxe7 Qxe7 37. Qxc8+ Kh7 38. d6 Qa7+ 39. Rd4 Qf7 40. Kh2 g5
41. Rb4 Nd7 42. Rb7 Qxe6 43. Rxd7+ Rf7 44. Rxf7+ Qxf7 45. Qc7 1-0

[Event "Reykjavik Open 2024"]
[Site "Reykjavik ISL"]
[Date "2024.03.18"]
[Round "5.88"]
[White "Zhou, David"]
[Black "Strathmann, Sacha"]
[Result "1-0"]
[WhiteElo "1954"]
[BlackElo "2129"]
[WhiteFideId "2623234"]
[BlackFideId "4693825"]
[EventDate "2024.03.15"]

1. d4 Nf6 2. c4 g6 3. g3 Bg7 4. Bg2 O-O 5. Nc3 d6 6. Nf3 c5 7. d5 Na6 8. O-O Nc7
9. Qd3 a6 10. a4 Rb8 11. a5 b5 12. axb6 Rxb6 13. Nd2 e6 14. b3 exd5 15. cxd5
Nfxd5 16. Bxd5 Nxd5 17. Nxd5 Bxa1 18. Nxb6 Qxb6 19. Nc4 Qb5 20. Bh6 Bg7 21. Bxg7
Kxg7 22. Qxd6 Qxb3 23. Qxc5 Bh3 24. Ra1 Rd8 25. Qe5+ Kg8 26. Nd6 a5 27. Qe7 Rd7
28. Qe8+ Kg7 29. Qe5+ f6 30. Ne8+ Kf8 31. Qxf6+ Qf7 32. Qh4 Be6 33. Nf6 Ra7 34.
Qh6+ Qg7 35. Nxh7+ Kg8 36. Qxg7+ Kxg7 37. Ng5 Bc4 38. Kf1 a4 39. Ra3 Kf6 40. f4
Bb5 41. Kf2 Ke7 42. Ne4 Bc6 43. Ke3 Ke6 44. Nc3 Kf5 45. Kd4 Kg4 46. e4 Kh3 47.
Ra2 Be8 48. Ke5 Kg4 49. Ra3 Re7+ 50. Kf6 Rf7+ 51. Ke6 Ra7 52. Nd5 Kh3 53. Ra2 a3
54. Kf6 Kg4 55. Ne3+ Kh3 56. Kg5 Bf7 57. Nd5 Ra6 58. f5 gxf5 59. Nf4# 1-0

[Event "Reykjavik Open 2024"]
[Site "Reykjavik ISL"]
[Date "2024.03.18"]
[Round "5.89"]
[White "Stanford, Sheila Barth"]
[Black "Haugen, Lars Tormod"]
[Result "1-0"]
[WhiteTitle "WIM"]
[WhiteElo "2123"]
[BlackElo "1945"]
[WhiteFideId "1500953"]
[BlackFideId "1559966"]
[EventDate "2024.03.15"]

1. e4 c5 2. Nf3 g6 3. c3 Bg7 4. Bc4 e6 5. O-O d5 6. exd5 exd5 7. Bb5+ Bd7 8.
Qe2+ Ne7 9. Bxd7+ Qxd7 10. Re1 Nc6 11. h4 O-O 12. Qb5 c4 13. d4 cxd3 14. Qxd3
Rfe8 15. Bg5 h6 16. Bxe7 Rxe7 17. Rxe7 Qxe7 18. Na3 d4 19. cxd4 Qb4 20. Qc3 Rd8
21. Nc2 Qa4 22. b4 a5 23. a3 axb4 24. axb4 Qb5 25. Rd1 Qd5 26. Qd3 Ne5 27. Nxe5
Bxe5 28. g3 Bf6 29. Qe3 Kg7 30. Qf4 Qb3 31. Qd2 Qd5 32. Qd3 Rd7 33. Qc3 g5 34.
Ne3 Qe4 35. hxg5 hxg5 36. Qc8 Rd8 37. Qc2 Qxc2 38. Nxc2 Kg6 39. Kf1 Kf5 40. Ke2
Ke4 41. f3+ Kd5 42. Kd3 b5 43. Ra1 Ke6 44. Ra5 Rb8 45. Ra6+ Ke7 46. Ne3 Bg7 47.
Nf5+ Kf8 48. g4 Kg8 49. Ra7 Bf8 50. Ne7+ Bxe7 51. Rxe7 Kf8 52. Rc7 Kg7 53. d5
Kf6 54. Kd4 Ra8 55. Rb7 Ra1 56. Rb6+ Ke7 57. Rxb5 f6 58. Rb7+ Kd6 59. Rb6+ Ke7
60. Re6+ Kf7 61. Re3 1-0

[Event "Reykjavik Open 2024"]
[Site "Reykjavik ISL"]
[Date "2024.03.18"]
[Round "5.90"]
[White "Doran, Chris"]
[Black "Maack, Kjartan"]
[Result "1/2-1/2"]
[WhiteElo "1947"]
[BlackElo "2102"]
[WhiteFideId "503835"]
[BlackFideId "2301806"]
[EventDate "2024.03.15"]

1. e4 e6 2. d4 d5 3. Nd2 Be7 4. Bd3 c5 5. dxc5 Nf6 6. Qe2 Bxc5 7. Ngf3 Nc6 8.
O-O O-O 9. e5 Nd7 10. Nb3 Be7 11. c3 Re8 12. Nbd4 Nf8 13. Re1 f6 14. Bf4 f5 15.
Qe3 Ng6 16. Nxc6 bxc6 17. Bg5 Bxg5 18. Qxg5 Qxg5 19. Nxg5 c5 20. g3 Rb8 21. b3
Bd7 22. h4 a5 23. Rab1 Rb6 24. f4 Reb8 25. Kf2 Ne7 26. Ke3 h6 27. Nf3 Bb5 28.
Bxb5 Rxb5 29. Kd3 R5b7 30. Kc2 Kf7 31. Red1 Nc6 32. a3 Kg6 33. Rg1 Kh5 34. Rb2
Kg4 35. Nh2+ Kh3 36. Nf3 c4 37. b4 axb4 38. axb4 Kg4 39. Nh2+ Kh3 40. Nf3 d4 41.
Nxd4 Nxd4+ 42. cxd4 Rxb4 43. Rxb4 Rxb4 44. Kc3 Rb7 45. Kxc4 Rc7+ 46. Kd3 Kh2 47.
Re1 Kxg3 48. d5 Kxf4 49. dxe6 Re7 50. Kd4 Rxe6 51. Kd5 Re8 52. Kd6 g5 53. hxg5
hxg5 54. e6 g4 55. Kd7 Ra8 56. e7 Kg3 57. Ke6 f4 58. Rg1+ Kf3 59. Rf1+ Ke3 60.
Kf5 g3 61. Rxf4 Re8 62. Rg4 Kf3 63. Rg7 Kf2 64. Kf6 g2 65. Kf7 Rxe7+ 66. Kxe7 1/2-1/2

[Event "Reykjavik Open 2024"]
[Site "Reykjavik ISL"]
[Date "2024.03.18"]
[Round "5.91"]
[White "Hennig, Konrad"]
[Black "Schliebener, Stephan"]
[Result "0-1"]
[WhiteElo "1946"]
[BlackElo "2088"]
[WhiteFideId "34622519"]
[BlackFideId "4621662"]
[EventDate "2024.03.15"]

1. d4 Nf6 2. Nf3 c5 3. d5 e6 4. Bg5 Qa5+ 5. c3 Nxd5 6. e4 h6 7. exd5 hxg5 8.
Nxg5 Be7 9. Nf3 d6 10. Na3 e5 11. Nc4 Qd8 12. a4 b6 13. Nfd2 Nd7 14. Be2 Nf6 15.
Bf3 a6 16. Qe2 Bb7 17. O-O-O Qc7 18. Nxe5 dxe5 19. d6 Bxd6 20. Nc4 Be7 21. Nd6+
Bxd6 22. Rxd6 Qxd6 23. Bxb7 Rd8 24. f4 e4 25. Qxa6 Kf8 0-1

[Event "Reykjavik Open 2024"]
[Site "Reykjavik ISL"]
[Date "2024.03.18"]
[Round "5.92"]
[White "Bugaj, Hanna"]
[Black "Manucharyan, Andriy"]
[Result "0-1"]
[WhiteElo "1920"]
[BlackElo "2080"]
[WhiteFideId "21829870"]
[BlackFideId "16260910"]
[EventDate "2024.03.15"]

1. d4 Nf6 2. Nf3 e6 3. g3 d5 4. c4 dxc4 5. Bg2 Nc6 6. O-O Rb8 7. a4 b6 8. Na3
Bxa3 9. Rxa3 O-O 10. Bg5 h6 11. Bxf6 Qxf6 12. Rc3 Ba6 13. b3 Rfd8 14. e3 e5 15.
bxc4 exd4 16. exd4 Nxd4 17. Nxd4 Rxd4 18. Qb3 Rbd8 19. Bd5 R8xd5 20. cxd5 Bxf1
21. Kxf1 Qd6 22. Qc2 Qxd5 23. Rxc7 g6 24. Re7 Rc4 25. Qb2 Qh1+ 26. Ke2 Re4+ 27.
Rxe4 Qxe4+ 28. Kf1 Qh1+ 29. Ke2 Qe4+ 30. Kf1 Qxa4 31. Qe5 Qd7 32. Kg2 b5 33. h4
h5 34. f3 a5 35. Qc3 b4 36. Qb3 Qe6 37. Qb2 Qc4 38. Qa1 Qe2+ 39. Kh3 Qxf3 0-1

[Event "Reykjavik Open 2024"]
[Site "Reykjavik ISL"]
[Date "2024.03.18"]
[Round "5.93"]
[White "Pointier, Pierre"]
[Black "Heidarsson, Mikael Bjarki"]
[Result "1-0"]
[WhiteElo "1698"]
[BlackElo "1913"]
[WhiteFideId "343104638"]
[BlackFideId "2317532"]
[EventDate "2024.03.15"]

1. d4 Nf6 2. Bf4 g6 3. Nf3 Bg7 4. e3 O-O 5. Nbd2 d5 6. h3 b6 7. Bd3 Ba6 8. Qe2
Bxd3 9. Qxd3 Nbd7 10. Ne5 c5 11. c3 c4 12. Qe2 b5 13. Ndf3 Qb6 14. g4 Rfd8 15.
h4 Nxe5 16. Nxe5 Nd7 17. Nf3 b4 18. h5 bxc3 19. bxc3 Qa5 20. Qc2 e5 21. dxe5 Nc5
22. hxg6 fxg6 23. Nd4 Bxe5 24. Kf1 Bxf4 25. exf4 Rf8 26. f5 Nd3 27. Rb1 Rae8 28.
Qd2 Rb8 29. Kg2 Rxb1 30. Rxb1 Re8 31. Ne6 Qa4 32. Rb7 Rxe6 33. fxe6 Qc6 34. e7
Kf7 35. Rxa7 Qe6 36. f3 Qb6 37. e8=Q+ Kxe8 38. Qe2+ Kd8 39. Qe7+ Kc8 40. Qe8+
Qd8 41. Ra8+ 1-0

[Event "Reykjavik Open 2024"]
[Site "Reykjavik ISL"]
[Date "2024.03.18"]
[Round "5.94"]
[White "Einarsson, Eirikur Gardar"]
[Black "Eliasson, Kristjan Orn"]
[Result "0-1"]
[WhiteElo "1690"]
[BlackElo "1902"]
[WhiteFideId "2307715"]
[BlackFideId "2301784"]
[EventDate "2024.03.15"]

1. e4 d6 2. b3 Nf6 3. Nc3 e5 4. d3 h6 5. h3 Nc6 6. Nf3 Ne7 7. d4 exd4 8. Nxd4
Ng6 9. Bb5+ c6 10. Nxc6 bxc6 11. Bxc6+ Bd7 12. Bxa8 Qxa8 13. O-O Be7 14. Nd5
Nxd5 15. exd5 O-O 16. Bb2 Rc8 17. c4 a5 18. Qd4 Bf6 19. Qd2 Bxb2 20. Qxb2 a4 21.
Qa3 Qb8 22. Rab1 axb3 23. axb3 Ne5 24. Ra1 Bf5 25. Ra2 Kh7 26. Rfa1 h5 27. Qb2
Qb6 28. Ra6 Qc5 29. Qe2 Bg6 30. R1a5 Qb4 31. Rb5 Qc3 32. Rxd6 Ra8 33. c5 Ra1+
34. Kh2 Re1 35. Qa2 Nf3+ 36. Kg3 Qe5+ 37. Kxf3 Be4# 0-1

[Event "Reykjavik Open 2024"]
[Site "Reykjavik ISL"]
[Date "2024.03.18"]
[Round "5.95"]
[White "Pisan, Kai"]
[Black "Mork, Peter"]
[Result "1/2-1/2"]
[WhiteElo "1897"]
[BlackElo "1755"]
[WhiteFideId "39904881"]
[BlackFideId "1580604"]
[EventDate "2024.03.15"]

1. d4 d5 2. c4 c6 3. g3 e6 4. Nf3 dxc4 5. Bg2 b5 6. a4 Bb7 7. Ne5 a6 8. Nc3 Nf6
9. axb5 axb5 10. Rxa8 Bxa8 11. O-O Nbd7 12. Bg5 Qb6 13. Nxd7 Nxd7 14. e4 h6 15.
Be3 Qc7 16. d5 e5 17. dxc6 Qxc6 18. Qd5 Qxd5 19. Nxd5 Bxd5 20. exd5 Bd6 21. Ra1
Ke7 22. Ra7 1/2-1/2

[Event "Reykjavik Open 2024"]
[Site "Reykjavik ISL"]
[Date "2024.03.18"]
[Round "5.96"]
[White "Gronn, Embla Ekeland"]
[Black "Solsker, Tummas M."]
[Result "0-1"]
[WhiteElo "1684"]
[BlackElo "1897"]
[WhiteFideId "1517600"]
[BlackFideId "7200480"]
[EventDate "2024.03.15"]

1. Nf3 d5 2. c4 Nf6 3. g3 e6 4. Bg2 Be7 5. O-O O-O 6. d4 dxc4 7. Qa4 a6 8. Qxc4
b5 9. Qc2 Bb7 10. Nc3 Nbd7 11. Bf4 c5 12. Rad1 Qb6 13. Be5 Rac8 14. e4 b4 15.
Bxf6 Nxf6 16. e5 bxc3 17. exf6 Bxf6 18. dxc5 Qxb2 19. Qxb2 cxb2 20. Nd2 Bxg2 21.
Kxg2 Rxc5 22. Ne4 Rc2 23. Rd2 Rxd2 24. Nxd2 Rc8 25. Nb1 a5 0-1

[Event "Reykjavik Open 2024"]
[Site "Reykjavik ISL"]
[Date "2024.03.18"]
[Round "5.97"]
[White "Banerjee, Aryan"]
[Black "Hafthorsson, Jon Ulfur"]
[Result "1-0"]
[WhiteElo "1896"]
[BlackElo "1738"]
[WhiteFideId "1765035"]
[BlackFideId "2323206"]
[EventDate "2024.03.15"]

1. Nf3 Nf6 2. g3 g6 3. Bg2 Bg7 4. c4 c5 5. Nc3 Nc6 6. O-O O-O 7. d4 Nxd4 8. Nxd4
cxd4 9. Qxd4 d6 10. Qd3 Be6 11. Bxb7 Rb8 12. Bg2 Qa5 13. e4 Ng4 14. Nd5 Bxd5 15.
exd5 Qc5 16. Qe2 Ne5 17. Bg5 Rxb2 18. Qe4 Nxc4 19. Rac1 Bd4 20. Kh1 Rb4 21. Rc2
Qb6 22. Qxe7 Ne5 23. Rfc1 Rb1 24. Bh6 Rb8 25. Bh3 Rxc1+ 26. Rxc1 Nd3 27. Rc8+
Rxc8 28. Bxc8 Qb1+ 29. Kg2 Ne1+ 30. Kh3 1-0

[Event "Reykjavik Open 2024"]
[Site "Reykjavik ISL"]
[Date "2024.03.18"]
[Round "5.99"]
[White "Leliveld, Andrew"]
[Black "Brand, Niels"]
[Result "0-1"]
[WhiteElo "1657"]
[BlackElo "1891"]
[WhiteFideId "2645327"]
[BlackFideId "1085107"]
[EventDate "2024.03.15"]

1. b4 Nf6 2. Bb2 e6 3. b5 a6 4. a4 d5 5. e3 Bd6 6. Nf3 c5 7. c4 O-O 8. Be2 Nbd7
9. Nc3 b6 10. cxd5 exd5 11. d4 c4 12. h3 Re8 13. Qc2 a5 14. O-O Nf8 15. Nd2 Ne6
16. Rae1 Bb4 17. Qc1 Ng5 18. f4 Bxc3 19. Bxc3 Nge4 20. Nxe4 Nxe4 21. Bf3 Qd6 22.
Kh2 Qg6 23. g4 h5 24. gxh5 Qg3+ 0-1

[Event "Reykjavik Open 2024"]
[Site "Reykjavik ISL"]
[Date "2024.03.18"]
[Round "5.100"]
[White "Halldorsson, Kristjan"]
[Black "Wolterink, Jule"]
[Result "1-0"]
[WhiteElo "1887"]
[BlackElo "1720"]
[WhiteFideId "2302551"]
[BlackFideId "12981206"]
[EventDate "2024.03.15"]

1. d4 e6 2. c4 Nf6 3. Nf3 b6 4. e3 Bb7 5. Be2 Be7 6. O-O O-O 7. Nc3 d6 8. b3
Nbd7 9. Bb2 Ne4 10. Nxe4 Bxe4 11. Nd2 Bb7 12. f4 f5 13. Bf3 Bxf3 14. Nxf3 Nf6
15. Rc1 Ne4 16. Qd3 Bf6 17. Nd2 Nxd2 18. Qxd2 Qe7 19. Rfd1 Rfd8 20. Qf2 c5 21.
Rc2 Rab8 22. Rcd2 d5 23. Qf1 Rb7 24. Ba3 Rbd7 25. h3 Qf8 26. dxc5 bxc5 27. Qf3
Bc3 28. Rd3 d4 29. Qc6 Qf7 30. Qxc5 Qh5 31. exd4 Qe2 32. d5 exd5 33. Rxd5 Qxd1+
34. Rxd1 Rxd1+ 35. Kh2 Bd4 36. Qc6 Bg1+ 37. Kg3 R1d3+ 38. Kh4 Bf2+ 39. Kg5 Rg3+
40. Kh5 g6+ 41. Kh6 Bd4 42. Qe6+ Kh8 43. Qf7 Bg7+ 44. Qxg7# 1-0

[Event "Reykjavik Open 2024"]
[Site "Reykjavik ISL"]
[Date "2024.03.18"]
[Round "5.101"]
[White "Skjoldebrand, Martin"]
[Black "Davidsen, Rokur"]
[Result "1/2-1/2"]
[WhiteElo "1884"]
[BlackElo "1682"]
[WhiteFideId "1711911"]
[BlackFideId "7203098"]
[EventDate "2024.03.15"]

1. d4 f5 2. e4 fxe4 3. Nc3 Nf6 4. Bg5 g6 5. h4 d5 6. f3 Qd6 7. Qd2 exf3 8. gxf3
Nc6 9. O-O-O Bf5 10. Bh3 Bxh3 11. Nxh3 Nh5 12. Nf4 Ng3 13. Rh3 Nf5 14. Nfxd5 Qd7
15. Qh2 O-O-O 16. Bf4 e6 17. Nf6 Qf7 18. Nfe4 Ncxd4 19. Be5 Bg7 20. Rd3 Bxe5 21.
Qxe5 Nc6 22. Qb5 Rxd3 23. Nc5 Rd1+ 24. Nxd1 Nd6 25. Qb3 Re8 26. Qe3 Qf5 27. Rh1
Nc4 28. Qf2 Qf4+ 29. Kb1 Nb4 30. Nb3 Nd5 31. Re1 Nd6 32. Qxa7 Qxh4 33. Nc5 Nb6
34. Qa5 Qd4 35. Nb3 Qd5 36. Qc3 e5 37. Nf2 Kb8 38. Nd2 Qd4 39. Qe3 Qxe3 40. Rxe3
Ndc4 41. Nxc4 Nxc4 42. Rc3 Nd6 43. Kc1 Kc8 44. Re3 Kd7 45. Ng4 Re6 46. Nxe5+ 1/2-1/2

[Event "Reykjavik Open 2024"]
[Site "Reykjavik ISL"]
[Date "2024.03.18"]
[Round "5.102"]
[White "Brynjarsson, Orvar Holm"]
[Black "Spagnoli, Benjamin"]
[Result "1-0"]
[WhiteElo "1645"]
[BlackElo "1883"]
[WhiteFideId "2321726"]
[BlackFideId "20667116"]
[EventDate "2024.03.15"]

1. e4 c6 2. d4 d5 3. Nc3 dxe4 4. Nxe4 Nf6 5. Nxf6+ exf6 6. c3 Bd6 7. Bd3 Na6 8.
Ne2 O-O 9. Qc2 h6 10. O-O Be6 11. Be3 Qc7 12. Ng3 c5 13. Qe2 cxd4 14. cxd4 Nb4
15. Rac1 Qe7 16. Bb1 Bxa2 17. Nf5 Qe6 18. Qf3 Bxb1 19. Rxb1 Nd5 20. Bxh6 Bf4 21.
Bxg7 Qxf5 22. Bxf8 Kxf8 23. g3 Qg5 24. h4 Qf5 25. gxf4 Nxf4 26. Kh2 Rd8 27. Rbd1
Rd5 28. Rg1 Ng6 29. Qxf5 Rxf5 30. Kg3 Ke7 31. Rh1 Kd6 32. h5 Nf8 33. f4 Rb5 34.
Rh2 Nh7 35. h6 f5 36. Re1 Rb3+ 37. Kf2 Rxb2+ 38. Re2 Rxe2+ 39. Kxe2 Kd5 40. Kd3
a5 41. Rb2 Kc6 42. Kc4 b6 43. Rb5 f6 44. Rxf5 a4 45. Kb4 b5 46. Rxb5 a3 47. Rc5+ 1-0

[Event "Reykjavik Open 2024"]
[Site "Reykjavik ISL"]
[Date "2024.03.18"]
[Round "5.103"]
[White "Arnalds, Stefan"]
[Black "Gulbinski, Michal"]
[Result "1/2-1/2"]
[WhiteElo "1876"]
[BlackElo "1671"]
[WhiteFideId "2304821"]
[BlackFideId "21086079"]
[EventDate "2024.03.15"]

1. d4 d5 2. Nf3 Nf6 3. g3 Bf5 4. Bg2 e6 5. Nh4 Be4 6. f3 Bg6 7. Nxg6 hxg6 8. c4
c6 9. b3 Bb4+ 10. Bd2 Be7 11. e3 Nbd7 12. Qe2 Qb6 13. c5 Qc7 14. O-O O-O 15. Nc3
e5 16. b4 exd4 17. exd4 Rfe8 18. Qf2 b5 19. a4 a6 20. Ra3 Qb7 21. Rfa1 Nf8 22.
Nd1 Ne6 23. axb5 axb5 24. Bc3 Rxa3 25. Rxa3 Ra8 26. Qa2 Rxa3 27. Qxa3 Nd7 28.
Bh3 Ndf8 29. Nf2 Bf6 30. Qa1 Ng5 31. Bg2 Qe7 32. h4 Nge6 33. Ng4 Qc7 34. Bd2 Bd8
35. Qa6 f6 36. Bh3 Kf7 37. Kg2 Nd7 38. Nf2 f5 39. Nd3 Bf6 40. Qa1 1/2-1/2

[Event "Reykjavik Open 2024"]
[Site "Reykjavik ISL"]
[Date "2024.03.18"]
[Round "5.104"]
[White "Bjarnason, Snorri Vikanes"]
[Black "Imam-Sadeque, Ali"]
[Result "1-0"]
[WhiteElo "1875"]
[BlackElo "1652"]
[WhiteFideId "1539833"]
[BlackFideId "343422500"]
[EventDate "2024.03.15"]

1. c4 c6 2. e4 d5 3. cxd5 cxd5 4. exd5 Nf6 5. Nc3 Nxd5 6. Bc4 Nb4 7. Bxf7+ Kxf7
8. Qb3+ e6 9. Nf3 N8c6 10. O-O Nd3 11. Ne4 Be7 12. Qd1 e5 13. Ne1 Rf8 14. Qb3+
Be6 15. Qxd3 Qb6 16. Nf3 h6 17. b3 Bf5 18. Qc4+ Be6 19. Qe2 Kg8 20. Bb2 Bg4 21.
Qc4+ Kh7 22. Neg5+ Bxg5 23. Nxg5+ hxg5 24. Qxg4 Rad8 25. Qxg5 Qa5 26. Bc3 Qc5
27. Rae1 Rd5 28. Re3 Nd4 29. Qg4 Rf4 30. Qh5+ Kg8 31. b4 Qb5 32. a4 Qc4 33. Bxd4
Qxd4 34. Qe8+ Rf8 35. Qe6+ Rf7 36. Rf3 Rd7 37. Qe8+ 1-0

[Event "Reykjavik Open 2024"]
[Site "Reykjavik ISL"]
[Date "2024.03.18"]
[Round "5.105"]
[White "Gudjonsson, Anton Vignir"]
[Black "Wolff, Michael"]
[Result "1-0"]
[WhiteElo "1643"]
[BlackElo "1874"]
[WhiteFideId "2323664"]
[BlackFideId "24607657"]
[EventDate "2024.03.15"]

1. d4 Nf6 2. Bf4 g6 3. Nf3 Bg7 4. h3 d6 5. e3 Nbd7 6. Nbd2 O-O 7. Bc4 c6 8. Qe2
d5 9. Bd3 Re8 10. c3 Nf8 11. O-O N6d7 12. c4 e5 13. dxe5 Nxe5 14. Nxe5 Bxe5 15.
Bxe5 Rxe5 16. Nf3 Re8 17. Rfd1 Qe7 18. cxd5 cxd5 19. Bc2 Be6 20. Bb3 Rad8 21.
Qb5 Rd6 22. Bxd5 Rb6 23. Qa5 Bxd5 24. Rxd5 Rxb2 25. Qxa7 Rc8 26. Rd2 Rxd2 27.
Nxd2 Rc2 28. Nf3 Qf6 29. Rb1 Rb2 30. Rxb2 Qxb2 31. a4 b6 32. Ng5 Qa1+ 33. Kh2
Qf6 34. Nf3 Qd6+ 35. g3 Qf6 36. Kg2 Ne6 37. Qa6 Qb2 38. a5 bxa5 39. Qxa5 h5 40.
Ng5 Nxg5 41. Qxg5 Qb7+ 42. Kh2 Qf3 43. Kg1 Kg7 44. Qe5+ Kg8 45. Qd4 Kf8 46. e4
Ke7 47. e5 Qc6 48. Qh4+ Ke8 49. Qf4 Ke7 50. Qe3 Ke6 51. f4 Ke7 52. g4 hxg4 53.
hxg4 Qd5 54. Kh2 Qa2+ 55. Kg3 Qd5 56. Qa7+ Kf8 57. Qc7 Ke8 58. Kh4 Qh1+ 59. Kg5
Kf8 60. Qd8+ Kg7 61. Qf6+ Kg8 62. e6 Qd5+ 63. Qe5 Qd8+ 64. e7 f6+ 65. Kxf6 Qe8
66. Qd5+ Kh8 67. Qd8 1-0

[Event "Reykjavik Open 2024"]
[Site "Reykjavik ISL"]
[Date "2024.03.18"]
[Round "5.106"]
[White "Clare, Philip"]
[Black "Manenschijn, Wouter"]
[Result "0-1"]
[WhiteElo "1607"]
[BlackElo "1864"]
[WhiteFideId "343413315"]
[BlackFideId "1043366"]
[EventDate "2024.03.15"]

1. c4 e5 2. Nc3 Nc6 3. g3 f5 4. Bg2 Nf6 5. e3 d5 6. cxd5 Nb4 7. d3 Nbxd5 8. e4
Nb4 9. Bg5 Qxd3 10. Nge2 Nc2+ 11. Kf1 Qxd1+ 12. Rxd1 c6 13. a3 Be6 14. Bf3 Bc5
15. h4 O-O 16. b4 fxe4 17. bxc5 exf3 18. Ng1 Bc4+ 19. Nge2 fxe2+ 20. Nxe2 Ne4
21. Rh2 Nxg5 22. Rd2 Nd4 23. f4 Ngf3 24. Kf2 Bxe2 25. Rxe2 Nxh2 0-1